[Event "IECC TH-M-3759"]
[Site "IECC email"]
[Date "2022.08.11"]
[Round "?"]
[White "Stringer Lester, Della Diane"]
[Black "Hughes, Peter James"]
[Result "1-0"]
[WhiteElo "1177"]
[BlackElo "1035"]
[PlyCount "53"]
[EventDate "2022.??.??"]
[EventType "tourn (corr)"]
[SourceTitle "Corr 2024"]
[Source "ChessBase"]
[SourceDate "2023.10.19"]
[SourceVersion "1"]
[SourceVersionDate "2023.10.19"]
[SourceQuality "1"]
[WhiteTeam "Vereinigte Staaten"]
[BlackTeam "Australien"]
[WhiteTeamCountry "USA"]
[BlackTeamCountry "AUS"]

1. e4 c5 2. Nf3 Nc6 3. Bb5 a6 4. Be2 Qc7 5. Ng5 h6 6. Nxf7 Kxf7 7. Bh5+ g6 8. Qf3+ Nf6 9. Qb3+ e6 10. Bd1 Nxe4 11. Qf3+ Nf6 12. 0-0 d5 13. c3 e5 14. d4 Be7 15. h3 Bf5 16. Nd2 cxd4 17. c4 dxc4 18. Nxc4 Nb4 19. Bb3 Rad8 20. Nxe5+ Kf8 21. Nf7 Kg7 22. Nxd8 Qxd8 23. Qxb7 Be4 24. Qa7 Nc6 25. Qxa6 Nb4 26. Qc4 Bd3 27. Qf7# 1-0

[Event "IECC TH-M-3705"]
[Site "IECC email"]
[Date "2021.11.19"]
[Round "?"]
[White "Stringer Lester, Della Diane"]
[Black "Nilsson, Bjoern"]
[Result "1-0"]
[WhiteElo "1139"]
[BlackElo "812"]
[PlyCount "29"]
[EventDate "2021.??.??"]
[EventType "tourn (corr)"]
[SourceTitle "Corr 2024"]
[Source "ChessBase"]
[SourceDate "2023.10.19"]
[SourceVersion "1"]
[SourceVersionDate "2023.10.19"]
[SourceQuality "1"]
[WhiteTeam "Vereinigte Staaten"]
[BlackTeam "Schweden"]
[WhiteTeamCountry "USA"]
[BlackTeamCountry "SWE"]

1. e4 c5 2. Nc3 Nc6 3. f4 Nd4 4. Nf3 Nxf3+ 5. Qxf3 d6 6. Bb5+ Bd7 7. 0-0 a6 8. Bc4 b5 9. Bd5 Rb8 10. d3 e6 11. Bb3 b4 12. Ne2 Nf6 13. e5 dxe5 14. fxe5 Ng8 15. Qxf7# 1-0

[Event "IECC TH-M-3606"]
[Site "IECC email"]
[Date "2021.02.20"]
[Round "?"]
[White "Hughes, Peter James"]
[Black "Stringer Lester, Della Diane"]
[Result "1/2-1/2"]
[WhiteElo "1119"]
[BlackElo "1153"]
[PlyCount "68"]
[EventDate "2021.??.??"]
[EventType "tourn (corr)"]
[SourceTitle "Corr 2024"]
[Source "ChessBase"]
[SourceDate "2023.10.19"]
[SourceVersion "1"]
[SourceVersionDate "2023.10.19"]
[SourceQuality "1"]
[WhiteTeam "Australien"]
[BlackTeam "Vereinigte Staaten"]
[WhiteTeamCountry "AUS"]
[BlackTeamCountry "USA"]

1. e4 c5 2. Nf3 d6 3. d4 cxd4 4. Nxd4 Nf6 5. Nc3 g6 6. Bc4 Bg7 7. 0-0 0-0 8. Bg5 Qb6 9. Nb3 Bg4 10. Qc1 Nbd7 11. Be3 Nc5 12. a3 Qc6 13. f3 Bd7 14. Re1 e6 15. Bg5 Nxb3 16. cxb3 d5 17. exd5 exd5 18. Bb5 Qb6+ 19. Kh1 d4 20. Bxd7 Nxd7 21. Nd5 Qxb3 22. Ne7+ Kh8 23. Qc7 Qb5 24. a4 Qxg5 25. Qxd7 b6 26. Nc6 Qd2 27. Rad1 Qxb2 28. Nxd4 Bxd4 29. Rxd4 Qf2 30. Rdd1 Kg7 31. Qd5 Qh4 32. Re4 Qf2 33. Qd4+ Qxd4 34. Rexd4 Rad8 1/2-1/2

[Event "IECC TH-M-3606"]
[Site "IECC email"]
[Date "2021.02.20"]
[Round "?"]
[White "Stringer Lester, Della Diane"]
[Black "Hughes, Peter James"]
[Result "1-0"]
[WhiteElo "1137"]
[BlackElo "1157"]
[PlyCount "59"]
[EventDate "2021.??.??"]
[EventType "tourn (corr)"]
[SourceTitle "Corr 2024"]
[Source "ChessBase"]
[SourceDate "2023.10.19"]
[SourceVersion "1"]
[SourceVersionDate "2023.10.19"]
[SourceQuality "1"]
[WhiteTeam "Vereinigte Staaten"]
[BlackTeam "Australien"]
[WhiteTeamCountry "USA"]
[BlackTeamCountry "AUS"]

1. e4 c5 2. Nf3 d6 3. d4 cxd4 4. Nxd4 Nf6 5. Nc3 g6 6. Be3 Bg7 7. f3 0-0 8. Qd2 d5 9. e5 Nfd7 10. e6 Nc5 11. Be2 Nxe6 12. Ncb5 a6 13. Nxe6 Bxe6 14. Nd4 Bd7 15. 0-0-0 f6 16. f4 f5 17. Qb4 b5 18. Bf3 Bc6 19. Ne6 Qe8 20. Nxf8 Qxf8 21. Bxd5+ Bxd5 22. Rxd5 Nc6 23. Qc5 Na5 24. c3 Rc8 25. Qa7 Nc4 26. Bc5 Bf6 27. g3 Nd6 28. Rhd1 Nc4 29. Rd7 g5 30. Bxe7 1-0

[Event "IECC TH-M-3434"]
[Site "IECC email"]
[Date "2019.12.12"]
[Round "?"]
[White "Stringer Lester, Della Diane"]
[Black "Fagnant, Ryan"]
[Result "0-1"]
[WhiteElo "1184"]
[BlackElo "1084"]
[PlyCount "74"]
[EventDate "2019.??.??"]
[EventType "tourn (corr)"]
[SourceTitle "Corr 2024"]
[Source "ChessBase"]
[SourceDate "2023.10.19"]
[SourceVersion "1"]
[SourceVersionDate "2023.10.19"]
[SourceQuality "1"]
[WhiteTeam "Vereinigte Staaten"]
[BlackTeam "Vereinigte Staaten"]
[WhiteTeamCountry "USA"]
[BlackTeamCountry "USA"]

1. e4 e5 2. Nf3 Nc6 3. Nc3 Nf6 4. Nxe5 Nxe5 5. d4 Bb4 6. dxe5 Nxe4 7. Qd4 Bxc3+ 8. bxc3 d5 9. f3 Ng5 10. Ba3 Ne6 11. Qa4+ Bd7 12. Qg4 c5 13. c4 d4 14. Bd3 0-0 15. 0-0 g6 16. Bc1 Nc7 17. Qf4 Ne6 18. Qh6 Re8 19. Be4 Bc6 20. Bd3 Ng7 21. Re1 Qd7 22. Bg5 Nf5 23. Qh3 Ng7 24. g4 Ne6 25. Bf6 b5 26. Qh6 bxc4 27. Bxc4 Bxf3 28. Bxe6 fxe6 29. g5 d3 30. Re3 Be2 31. cxd3 Bh5 32. Rc1 Rec8 33. d4 cxd4 34. Rxc8+ Rxc8 35. Re1 d3 36. Rd1 Bxd1 37. h4 Bh5 0-1

[Event "IECC TH-M-3392"]
[Site "IECC email"]
[Date "2019.05.12"]
[Round "?"]
[White "Babcock, Chris"]
[Black "Stringer Lester, Della Diane"]
[Result "1-0"]
[WhiteElo "1265"]
[BlackElo "1128"]
[PlyCount "60"]
[EventDate "2019.??.??"]
[EventType "tourn (corr)"]
[SourceTitle "Corr 2024"]
[Source "ChessBase"]
[SourceDate "2023.10.19"]
[SourceVersion "1"]
[SourceVersionDate "2023.10.19"]
[SourceQuality "1"]
[WhiteTeam "Vereinigte Staaten"]
[BlackTeam "Vereinigte Staaten"]
[WhiteTeamCountry "USA"]
[BlackTeamCountry "USA"]

1. e4 c5 2. Nf3 Nc6 3. d4 cxd4 4. Nxd4 g6 5. Nc3 Bg7 6. Be3 Nf6 7. Nxc6 bxc6 8. e5 Nh5 9. g4 Nf6 10. exf6 Bxf6 11. Be2 Qa5 12. 0-0 Rb8 13. Bd4 e5 14. Ne4 exd4 15. Nxf6+ Kf8 16. Qxd4 d5 17. Nd7+ Kg8 18. Nf6+ Kf8 19. Nxd5 cxd5 20. Qxh8+ Ke7 21. Qe5+ Be6 22. Qxb8 Kf6 23. c3 Qa4 24. f4 Qe4 25. Qh8+ Ke7 26. Rae1 Qe3+ 27. Kg2 Qe4+ 28. Kg3 h5 29. Bb5 Qc2 30. Rxe6+ Kxe6 1-0

[Event "IECC TH-M-3370"]
[Site "IECC email"]
[Date "2019.01.15"]
[Round "?"]
[White "Klawitter, Bernd"]
[Black "Stringer Lester, Della Diane"]
[Result "1-0"]
[WhiteElo "1169"]
[BlackElo "1136"]
[PlyCount "41"]
[EventDate "2019.??.??"]
[EventType "tourn (corr)"]
[SourceTitle "Corr 2020"]
[Source "ChessBase"]
[SourceDate "2019.09.30"]
[SourceVersion "1"]
[SourceVersionDate "2019.09.30"]
[SourceQuality "1"]
[WhiteTeam "Germany"]
[BlackTeam "United States"]
[WhiteTeamCountry "GER"]
[BlackTeamCountry "USA"]

1. e4 c5 2. Nf3 d6 3. d4 cxd4 4. Nxd4 Nf6 5. Nc3 e6 6. Bc4 Be7 7. Bb3 Na6 8. f4 0-0 9. Be3 Nc5 10. Qf3 Nxb3 11. Nxb3 e5 12. f5 b6 13. 0-0 Ba6 14. Rf2 g6 15. g4 h5 16. gxh5 Nxh5 17. Rg2 Bh4 18. Qxh5 Bf6 19. fxg6 fxg6 20. Qxg6+ Kh8 21. Qh6# 1-0

[Event "IECC TH-M-3354"]
[Site "IECC email"]
[Date "2018.12.15"]
[Round "?"]
[White "Stringer Lester, Della Diane"]
[Black "Fagnant, Ryan"]
[Result "0-1"]
[WhiteElo "1126"]
[BlackElo "1065"]
[PlyCount "90"]
[EventDate "2018.??.??"]
[EventType "tourn (corr)"]
[SourceTitle "Corr 2024"]
[Source "ChessBase"]
[SourceDate "2023.10.19"]
[SourceVersion "1"]
[SourceVersionDate "2023.10.19"]
[SourceQuality "1"]
[WhiteTeam "Vereinigte Staaten"]
[BlackTeam "Vereinigte Staaten"]
[WhiteTeamCountry "USA"]
[BlackTeamCountry "USA"]

1. e4 c5 2. f4 e5 3. d3 Be7 4. Nf3 d6 5. g3 exf4 6. Bxf4 Nc6 7. Nc3 Nf6 8. h3 Be6 9. Ng5 Qa5 10. a3 d5 11. Nxe6 fxe6 12. Be2 d4 13. b4 cxb4 14. Nb1 bxa3+ 15. Nd2 Nb4 16. 0-0 Bc5 17. Be5 Qa4 18. Bxf6 gxf6 19. Bh5+ Ke7 20. Nb3 b6 21. Rc1 Rhg8 22. Qf3 Raf8 23. Qf4 Bd6 24. Qh6 Rxg3+ 25. Kh2 Rg6+ 26. Qf4 Bxf4+ 27. Rxf4 Nxc2 28. Bxg6 hxg6 29. Rxc2 Qxb3 30. Rd2 Qc3 31. Rff2 f5 32. e5 b5 33. Rc2 Qa5 34. Kg3 b4 35. Ra2 b3 36. Ra1 Qb4 37. Rc1 b2 38. Rc7+ Ke8 39. Rfc2 Qe1+ 40. Kf4 Qc3 41. R2xc3 dxc3 42. Rxc3 a2 43. Rc8+ Kf7 44. Rc7+ Kg8 45. d4 a1Q 0-1

[Event "IECC TH-M-3340"]
[Site "IECC email"]
[Date "2018.11.02"]
[Round "?"]
[White "Babcock, Chris"]
[Black "Stringer Lester, Della Diane"]
[Result "1-0"]
[WhiteElo "1245"]
[BlackElo "1122"]
[PlyCount "33"]
[EventDate "2018.??.??"]
[EventType "tourn (corr)"]
[SourceTitle "Corr 2020"]
[Source "ChessBase"]
[SourceDate "2019.09.30"]
[SourceVersion "1"]
[SourceVersionDate "2019.09.30"]
[SourceQuality "1"]
[WhiteTeam "United States"]
[BlackTeam "United States"]
[WhiteTeamCountry "USA"]
[BlackTeamCountry "USA"]

1. e4 c5 2. Nc3 Nc6 3. Nf3 g6 4. d4 Bg7 5. dxc5 Qa5 6. Bd2 Qxc5 7. Nd5 Qd6 8. Bf4 Ne5 9. c4 e6 10. Nf6+ Ke7 11. Qxd6+ Kxd6 12. Bxe5+ Kc6 13. Nd4+ Kc5 14. Nb3+ Kc6 15. c5 Nxf6 16. Nd4+ Kxc5 17. Rc1+ 1-0

[Event "IECC TH-M-3340"]
[Site "IECC email"]
[Date "2018.11.02"]
[Round "?"]
[White "Stringer Lester, Della Diane"]
[Black "Babcock, Chris"]
[Result "0-1"]
[WhiteElo "1112"]
[BlackElo "1255"]
[PlyCount "56"]
[EventDate "2018.??.??"]
[EventType "tourn (corr)"]
[SourceTitle "Corr 2020"]
[Source "ChessBase"]
[SourceDate "2019.09.30"]
[SourceVersion "1"]
[SourceVersionDate "2019.09.30"]
[SourceQuality "1"]
[WhiteTeam "United States"]
[BlackTeam "United States"]
[WhiteTeamCountry "USA"]
[BlackTeamCountry "USA"]

1. e4 c5 2. Nc3 Nc6 3. g3 g6 4. Bg2 d6 5. d3 Nf6 6. f4 Bg7 7. Nf3 Nd4 8. Nxd4 cxd4 9. Nb5 Qa5+ 10. Bd2 Qxb5 11. b3 Ng4 12. Bf3 Ne3 13. Qc1 Bh3 14. c4 Qb6 15. Qa3 Nc2+ 16. Kf2 Nxa3 17. Rac1 h5 18. f5 gxf5 19. Rhe1 fxe4 20. Bxe4 e5 21. Bd5 Bf5 22. Kf3 Bxd3 23. Be4 Bxe4+ 24. Kxe4 Qc6+ 25. Kd3 Qf3+ 26. Be3 Bh6 27. Kd2 Bxe3+ 28. Rxe3 Qxe3+ 0-1

[Event "IECC O-4543"]
[Site "IECC email"]
[Date "2017.05.28"]
[Round "?"]
[White "Stringer Lester, Della Diane"]
[Black "Kellaway, Ted"]
[Result "1-0"]
[WhiteElo "1160"]
[BlackElo "1090"]
[PlyCount "45"]
[EventDate "2017.??.??"]
[EventType "swiss (corr)"]
[EventRounds "2"]
[SourceTitle "Corr 2020"]
[Source "ChessBase"]
[SourceDate "2019.09.30"]
[SourceVersion "1"]
[SourceVersionDate "2019.09.30"]
[SourceQuality "1"]
[WhiteTeam "United States"]
[BlackTeam "South Africa"]
[WhiteTeamCountry "USA"]
[BlackTeamCountry "RSA"]

1. e4 e5 2. Nf3 Nc6 3. Bb5 Nf6 4. Nc3 Be7 5. 0-0 0-0 6. Bxc6 bxc6 7. Nxe5 Bb7 8. d4 d6 9. Nf3 Qd7 10. Ng5 g6 11. Qf3 h6 12. Nh3 Kg7 13. Qf4 Rh8 14. Bd2 Nh5 15. Qf3 f5 16. Rfe1 c5 17. d5 c6 18. exf5 Raf8 19. g4 Nf6 20. Nf4 Rfg8 21. Nxg6 Rh7 22. Rxe7+ Qxe7 23. Nxe7 1-0

[Event "TH-S-0967"]
[Site "IECC email"]
[Date "2017.03.28"]
[Round "?"]
[White "Hughes, Peter James"]
[Black "Stringer Lester, Della Diane"]
[Result "1/2-1/2"]
[WhiteElo "1093"]
[BlackElo "1157"]
[PlyCount "123"]
[EventDate "2017.??.??"]
[EventType "tourn (corr)"]
[SourceTitle "Corr 2020"]
[Source "ChessBase"]
[SourceDate "2019.09.30"]
[SourceVersion "1"]
[SourceVersionDate "2019.09.30"]
[SourceQuality "1"]
[WhiteTeam "Australia"]
[BlackTeam "United States"]
[WhiteTeamCountry "AUS"]
[BlackTeamCountry "USA"]

1. e4 c5 2. d4 cxd4 3. c3 dxc3 4. Nxc3 Nc6 5. Nf3 d6 6. Bc4 e6 7. 0-0 Be7 8. Qe2 a6 9. a4 Bd7 10. b3 Qa5 11. Bb2 Nf6 12. h3 Qh5 13. Bd3 Rc8 14. Qe3 0-0 15. Nh2 Nb4 16. Rfd1 Nxd3 17. Qxd3 Bc6 18. Nf3 d5 19. e5 Ne4 20. Qe2 Bc5 21. Nd4 Qxe5 22. Nxc6 bxc6 23. Nxe4 Qxe4 24. Qxe4 dxe4 25. Re1 e3 26. fxe3 Rcd8 27. Bc1 Rd3 28. Ba3 Rc3 29. Bxc5 Rxc5 30. Rec1 Rxc1+ 31. Rxc1 Rc8 32. b4 Kf8 33. Rc5 Ke7 34. Ra5 Kd6 35. Rxa6 Kd5 36. Rb6 c5 37. Kf1 c4 38. Ke2 c3 39. Kd1 Ke4 40. Kc2 Kxe3 41. Rd6 g5 42. b5 Ra8 43. Ra6 Rb8 44. Kxc3 e5 45. b6 e4 46. a5 Kf2 47. Ra7 f5 48. Re7 Rd8 49. b7 e3 50. Rd7 Rb8 51. a6 e2 52. Rd2 Kf1 53. Rxe2 Kxe2 54. a7 Rxb7 55. a8Q Rc7+ 56. Kb3 Re7 57. Qf3+ Kd2 58. Qc3+ Kd1 59. Qf3+ Ke1 60. Kc2 Re2+ 61. Kd3 Re5 62. Qg3+ 1/2-1/2

[Event "IECC O-4435"]
[Site "IECC email"]
[Date "2016.11.27"]
[Round "?"]
[White "Stringer Lester, Della Diane"]
[Black "Kellaway, Ted"]
[Result "1-0"]
[WhiteElo "1142"]
[BlackElo "1046"]
[PlyCount "83"]
[EventDate "2016.??.??"]
[EventType "swiss (corr)"]
[EventRounds "2"]
[SourceTitle "Corr 2020"]
[Source "ChessBase"]
[SourceDate "2019.09.30"]
[SourceVersion "1"]
[SourceVersionDate "2019.09.30"]
[SourceQuality "1"]
[WhiteTeam "United States"]
[BlackTeam "South Africa"]
[WhiteTeamCountry "USA"]
[BlackTeamCountry "RSA"]

1. e4 e5 2. Nf3 Nc6 3. Bb5 a6 4. Ba4 Bc5 5. 0-0 d6 6. c3 d5 7. Re1 Nf6 8. d4 Bg4 9. dxc5 Nxe4 10. Be3 0-0 11. Bb3 Nf6 12. h3 Bxf3 13. gxf3 Qd7 14. Nd2 Qxh3 15. Nf1 e4 16. Ng3 exf3 17. Qxf3 Ne4 18. Bxd5 Nf6 19. Bxc6 Ng4 20. Bxb7 Qh2+ 21. Kf1 Qh3+ 22. Ke2 Ne5 23. Qf4 Qg4+ 24. f3 Qe6 25. Bxa8 Rxa8 26. b3 Ng6 27. Qxc7 Re8 28. Ne4 Kf8 29. Qd6+ Kg8 30. Rad1 Nf8 31. c6 Rc8 32. c7 h6 33. Rd4 Kh7 34. Kf2 a5 35. Qc5 Nd7 36. Qxa5 Qh3 37. Nd6 Qh2+ 38. Kf1 Qh3+ 39. Ke2 Qg2+ 40. Bf2 Qg5 41. Qxg5 hxg5 42. Nxc8 1-0

[Event "IECC O-4382"]
[Site "IECC email"]
[Date "2016.09.11"]
[Round "?"]
[White "Kellaway, Ted"]
[Black "Stringer Lester, Della Diane"]
[Result "0-1"]
[WhiteElo "1095"]
[BlackElo "1141"]
[PlyCount "74"]
[EventDate "2016.??.??"]
[EventType "swiss (corr)"]
[EventRounds "2"]
[SourceTitle "Corr 2020"]
[Source "ChessBase"]
[SourceDate "2019.09.30"]
[SourceVersion "1"]
[SourceVersionDate "2019.09.30"]
[SourceQuality "1"]
[WhiteTeam "South Africa"]
[BlackTeam "United States"]
[WhiteTeamCountry "RSA"]
[BlackTeamCountry "USA"]

1. d4 Nf6 2. c4 g6 3. Nc3 d5 4. e3 Bg7 5. f3 Bh6 6. Bd3 0-0 7. Nge2 c5 8. dxc5 Qa5 9. b4 Qxb4 10. 0-0 Qxc5 11. Na4 Qd6 12. Nac3 Be6 13. Nb5 Qe5 14. Rb1 Bxe3+ 15. Bxe3 Qxe3+ 16. Rf2 Rc8 17. Rb3 Bd7 18. Be4 Qc5 19. Bxd5 Nc6 20. Qd2 b6 21. Nf4 Na5 22. Rd3 Nxc4 23. Bxc4 Qxc4 24. Na3 Qc1+ 25. Qxc1 Rxc1+ 26. Rf1 Rac8 27. h4 b5 28. Nd5 Nxd5 29. Rxd5 R8c7 30. Nb1 Bf5 31. Na3 a6 32. g4 Be6 33. Rd2 b4 34. Rd8+ Kg7 35. Kf2 Rxf1+ 36. Kxf1 Rc1+ 37. Kf2 bxa3 0-1

[Event "IECC O-4376"]
[Site "IECC email"]
[Date "2016.08.27"]
[Round "?"]
[White "Stringer Lester, Della Diane"]
[Black "Boone, Donald Loyd"]
[Result "1-0"]
[WhiteElo "1108"]
[BlackElo "1039"]
[PlyCount "99"]
[EventDate "2016.??.??"]
[EventType "swiss (corr)"]
[EventRounds "2"]
[SourceTitle "Corr 2020"]
[Source "ChessBase"]
[SourceDate "2019.09.30"]
[SourceVersion "1"]
[SourceVersionDate "2019.09.30"]
[SourceQuality "1"]
[WhiteTeam "United States"]
[BlackTeam "United States"]
[WhiteTeamCountry "USA"]
[BlackTeamCountry "USA"]

1. e4 e5 2. Nf3 Nc6 3. Bb5 Nf6 4. 0-0 Bc5 5. Bxc6 bxc6 6. d4 Bb6 7. Nxe5 0-0 8. Re1 a5 9. c4 c5 10. d5 Qe8 11. Bf4 Bb7 12. Nc3 d6 13. Nf3 Ng4 14. Nb5 Ne5 15. b3 Ba6 16. a4 Bxb5 17. axb5 f6 18. Nh4 g5 19. Bxe5 gxh4 20. Qg4+ Qg6 21. Qe6+ Rf7 22. Bc3 Kf8 23. Qh3 Rg7 24. g3 Rf7 25. Qxh4 Re8 26. f3 Qg5 27. Qxg5 fxg5 28. Kg2 Ra8 29. Rh1 h5 30. h4 g4 31. f4 a4 32. Rxa4 Rxa4 33. bxa4 Re7 34. Re1 Re8 35. a5 Ba7 36. Kf2 Kf7 37. f5 Bb8 38. Ke3 Kg8 39. Kf4 Re7 40. Kg5 Rh7 41. e5 dxe5 42. Rxe5 Kf8 43. Re6 Re7 44. Kxh5 Rxe6 45. dxe6 c6 46. Kxg4 cxb5 47. cxb5 Ke7 48. Bd2 Be5 49. a6 Bb8 50. b6 1-0

[Event "IECC O-4363"]
[Site "IECC email"]
[Date "2016.07.29"]
[Round "?"]
[White "Stringer Lester, Della Diane"]
[Black "Rene, Vergara"]
[Result "1-0"]
[WhiteElo "1040"]
[BlackElo "1100"]
[PlyCount "39"]
[EventDate "2016.??.??"]
[EventType "swiss (corr)"]
[EventRounds "2"]
[SourceTitle "Corr 2020"]
[Source "ChessBase"]
[SourceDate "2019.09.30"]
[SourceVersion "1"]
[SourceVersionDate "2019.09.30"]
[SourceQuality "1"]
[WhiteTeam "United States"]
[BlackTeam "United States"]
[WhiteTeamCountry "USA"]
[BlackTeamCountry "USA"]

1. e4 c6 2. d4 d5 3. Nc3 dxe4 4. Nxe4 Nd7 5. Bg5 Ngf6 6. f3 e6 7. a3 Be7 8. Bf4 0-0 9. c4 Nxe4 10. fxe4 c5 11. Nf3 f5 12. Qd3 e5 13. dxe5 fxe4 14. Qxe4 Nb6 15. e6 Na4 16. Rb1 a6 17. Bd3 Bxe6 18. Qxh7+ Kf7 19. Bg6+ Kf6 20. Be5# 1-0